| 000 | 00992nas a2200325 4500 | ||
|---|---|---|---|
| 001 | BR2018000608 | ||
| 003 | BR-BrBNA | ||
| 005 | 20231205131300.0 | ||
| 007 | ta | ||
| 008 | 230509b bl.|||p| |||| 00| 00por d | ||
| 040 |
_aBR-BrBNA _bpor _cBiblioteca Nacional de Agricultura |
||
| 041 | _a(En) | ||
| 072 | _aE70 | ||
| 100 | 1 | _aFiretti, R. | |
| 100 | 1 | _aAlberti, A.L.L. | |
| 100 | 1 | _aZundt, M. | |
| 100 | 1 | _aSantos, A. de O. | |
| 100 | 1 | _aRego, F.C. de A. | |
| 100 | 1 | _aAstoophi, J.L. de | |
| 245 | 1 | _aSheep meat commercialization in the retail market in Brazilian cities | |
| 650 | _aCORDEIRO | ||
| 650 | _aCARNE | ||
| 650 | _aPESQUISA DE MERCADO | ||
| 650 | _aMÉTODO ESTATÍSTICO | ||
| 650 | _aCONSUMIDOR | ||
| 773 | 0 |
_tRevista Brasileira de Zootecnia (Brazil) _xISSN 1806-9290 _g(2018), v. 47 p. 1-7 _wBR2018000608 |
|
| 856 | 4 | 0 | _uhttp://www.scielo.br/pdf/rbz/v47/1806-9290-rbz-rbz4720160354.pdf |
| 909 |
_a202311 _bLúcia _c55 _dLúcia Elande |
||
| 942 |
_2AGRIS _n0 _cANA |
||
| 999 |
_c253966 _d253966 |
||